LDR 00654naa#a2200169#i#450# 001 EN\\bibl\126816 005 20260701122432.3 011 ## _a1815-588X 100 ## _a20260630b2026####ek#y0engy0150####ca 102 ## _aRU 200 1# _aCalculation of Parasitic Capacitances of an Asynchronous Traction Motor with Variably-Frequency Drives _eJournal article 210 1# _aSaint-Petersburg _cFSBEI HE "Emperor Alexander I St. Petersburg State Transport University" _d2026 215 ## _a10 с. 608 ## _aJournal article _2local 675 ## _aАсинхронные электродвигатели. 621.313.333 _z 700 #1 _aKarmanov _gAleksandr Valer'evich 856 4# _aitt-pgups.ru _u